គន្លឹះ​ក្នុងការគ្រប់គ្រងលុយកាក់ / (Record no. 1417)

MARC details
000 -LEADER
fixed length control field 01413nam a22002777a 4500
005 - DATE AND TIME OF LATEST TRANSACTION
control field 20231002104513.0
020 ## - INTERNATIONAL STANDARD BOOK NUMBER
International Standard Book Number 9789924340423
040 ## - CATALOGING SOURCE
Original cataloging agency FISKH
Language of cataloging eng
Transcribing agency FISKH
Modifying agency FISKH
082 ## - DEWEY DECIMAL CLASSIFICATION NUMBER
Classification number 332.024
100 ## - MAIN ENTRY--PERSONAL NAME
Personal name Pheakdey, Ouk
245 ## - TITLE STATEMENT
Title គន្លឹះ​ក្នុងការគ្រប់គ្រងលុយកាក់ /
250 ## - EDITION STATEMENT
Edition statement បោះពុម្ពលើកទី៤ ខែធ្នូ ឆ្នាំ ២០២២​
260 ## - PUBLICATION, DISTRIBUTION, ETC.
Place of publication, distribution, etc. Phnom Penh :
Name of publisher, distributor, etc. Sipar,
Date of publication, distribution, etc. 2022.
300 ## - PHYSICAL DESCRIPTION
Extent 40 pages :
Other physical details color illustrations ;
Dimensions 29 cm
490 ## - SERIES STATEMENT
Series statement បំនិនជីវិត
505 ## - FORMATTED CONTENTS NOTE
Formatted contents note Z'
520 ## - SUMMARY, ETC.
Summary, etc. បង្ហាញវិធីសាស្រ្តនានាក្នុងការប្រើប្រាស់លុយឳ្យមានប្រសិទ្ធភាពដូចជា ស្គាល់ចំណូល ចំណាយ បំណុល ផែនការសន្សំ និងរបៀបរកលុយមួយចំនួន។
520 ## - SUMMARY, ETC.
Summary, etc. Demonstrate ways to use money effectively, such as recognizing income, expenses, debt, savings plans, and find some ways to make money.
521 ## - TARGET AUDIENCE NOTE
Target audience note 1120
Source Lexile estimate
521 ## - TARGET AUDIENCE NOTE
Target audience note Z'
Source Raz-Plus
650 ## - SUBJECT ADDED ENTRY--TOPICAL TERM
Topical term or geographic name entry element លុយ
Form subdivision វិធី
General subdivision ចំណាយ
Chronological subdivision សន្សំ
650 ## - SUBJECT ADDED ENTRY--TOPICAL TERM
Topical term or geographic name entry element Money
Form subdivision Way
General subdivision Spend
Chronological subdivision Save
700 ## - ADDED ENTRY--PERSONAL NAME
Personal name Visoth, Seng
Titles and other words associated with a name illustrator
942 ## - ADDED ENTRY ELEMENTS (KOHA)
Source of classification or shelving scheme Dewey Decimal Classification
Koha item type Books
Suppress in OPAC No
999 ## -
-- 1417
-- 1417
Holdings
Withdrawn status Lost status Source of classification or shelving scheme Damaged status Not for loan Collection Home library Current library Shelving location Date acquired Total Checkouts Full call number Barcode Date last seen Date last checked out Copy number Price effective from Koha item type
    Dewey Decimal Classification     Khmer Language Books / សៀវភៅភាសាខ្មែរ Footprints International School Library Network Toul Tom Poung Campus Footprints International School Library Network Toul Kork Campus TTP Secondary Khmer Bookshelves 08/24/2023 1 PHE 332.024 2023-0333 01/05/2026 01/05/2026 1 08/24/2023 Books
    Dewey Decimal Classification     Khmer Language Books / សៀវភៅភាសាខ្មែរ Footprints International School Library Network Toul Kork Campus Footprints International School Library Network Toul Kork Campus   08/24/2023 1 PHE 332.024 2023-0334 05/02/2024 04/24/2024 2 08/24/2023 Books